Statistics for Global Cities of India

Click here to take the quiz!

General Stats

  • This quiz has been taken 35 times
  • The average score is 8 of 9

Answer Stats

HintAnswer% Correct
Alpha-Delhi
100%
Gamma+Kolkata
100%
AlphaMumbai
100%
Alpha-Bangalore
97%
Beta-Hyderabad
97%
BetaChennai
90%
Gamma+Ahmedabad
87%
Gamma+Pune
84%
SufficiencyKochi
23%

Score Distribution

Percentile by Number Answered

Percent of People with Each Score

Your Score History

You have not taken this quiz